000
00189nam a2200073Ia 4500
008
170620s9999 xx 000 0 und d
100
_a
HAZARIKA PADMALOCHAN
245
0
_a
BUSINESS STATISTICS
260
_b
N-DELHI SULTAN CHAND
999
_c
30172
_d
30172